Straight Up Trivia #1: Islands in Lakes - Statistics

General Stats
  • This quiz has been taken 23 times
  • The average score is 5 of 10
Answer Stats
Hint Answer % Correct
Olkhon Island is in what lake, the deepest in the world? Lake Baikal
100%
Ukerewe Island in Lake Victoria is known for having an exceptionally high population of Africans with what genetic mutation that affects the skin? Albinism
83%
Drummond Island in Lake Huron is part of Michigan, but is named for an enemy British commander who built a fort on the island during what war? War of 1812
67%
The largest lake island in the world is Manitoulin Island in what lake? The island forms the boundary between the main part of the lake and Georgian Bay. Lake Huron
50%
Ometepe is an island in what lake, known (mistakenly) for having freshwater sharks? The sharks are actually bull sharks that travel between the Caribbean Sea and the lake by jumping along the rapids of the San Juan River. Lake Nicaragua
50%
Buggala Island is part of what country, which is also the location of the Entebbe raid on a highjacked airplane? Benjamin Netanyahu's brother was killed during the raid. Uganda
33%
The least visited national park in the U.S. is what island in Lake Superior? Isle Royale
28%
St. Joseph Island accounts for 18% of Ontario's production of what product, which is harvested and processed in late winter and early spring? Maple Syrup
28%
Idjwi is an island in what lake that forms part of the boundary between Rwanda and the Democratic Republic of the Congo? Lake Kivu
11%
Rene-Levasseur Island is in Lake Manicouagan, which is what kind of lake, named because it is shaped like a ring? Most lakes of this type were formed by meteor impacts. Annular
6%
No matching quizzes found
Score Distribution
Percent of People with Each Score
Percentile by Number Answered
Your Score History
You have not taken this quiz